Whatever Else Happened to the Egyptians? (Record no. 9552)

MARC details
000 -LEADER
fixed length control field 00910nac a22001931u 4500
008 - FIXED-LENGTH DATA ELEMENTS--GENERAL INFORMATION
fixed length control field 100705t xxu||||| |||| 00| 0 eng d
020 ## - INTERNATIONAL STANDARD BOOK NUMBER
International Standard Book Number 9774248198
082 ## - DEWEY DECIMAL CLASSIFICATION NUMBER
Classification number 306.0962
Item number A5171
100 ## - MAIN ENTRY--PERSONAL NAME
Personal name Amin, Galal A.,
9 (RLIN) 15906
245 ## - TITLE STATEMENT
Title Whatever Else happened to the Egyptians? :
Remainder of title From the revolution to the age of globalization /
Statement of responsibility, etc Galal Amin,translated by David Wilmsen,Illustration by Samir Abd al-Ghani
260 ## - PUBLICATION, DISTRIBUTION, ETC. (IMPRINT)
Place of publication, distribution, etc Cairo :
Name of publisher, distributor, etc American University in Cairo Press,,2004.
Date of publication, distribution, etc 2004
300 ## - PHYSICAL DESCRIPTION
Extent 189p.;
Dimensions 20 cm.
650 ## - SUBJECT ADDED ENTRY--TOPICAL TERM
Topical term or geographic name as entry element Egypt
General subdivision Social conditions.
9 (RLIN) 15907
650 ## - SUBJECT ADDED ENTRY--TOPICAL TERM
Topical term or geographic name as entry element Egypt
General subdivision Social life and customs.
9 (RLIN) 15908
650 ## - SUBJECT ADDED ENTRY--TOPICAL TERM
Topical term or geographic name as entry element Egypt
General subdivision Economic conditions
9 (RLIN) 15909
700 ## - ADDED ENTRY--PERSONAL NAME
Personal name Wilmsen,David
9 (RLIN) 15910
942 ## - ADDED ENTRY ELEMENTS (KOHA)
Item type Book - Borrowing
Call number prefix 306.0962 A5171
Source of classification or shelving scheme Dewey Decimal Classification
Holdings
Withdrawn status Item status Materials specified (bound volume or other part) Damaged status Not for loan Home library Current library Shelving location Date acquired Source of acquisition Total Checkouts Total Renewals Full call number Barcode Date last seen Date last borrowed Koha item type
    Lost_In_Inventory_11-6-2024     Central Library Central Library First floor 21/05/2008 Purchase 15 52 306.0962 AMI 000001796 15/07/2025 21/06/2016 Book - Borrowing
          Central Library Central Library First floor 21/05/2008 Purchase 16 70 306.0962 AMI 000011383 22/11/2025 19/10/2025 Book - Borrowing